1496 1352 1061 1076 1717 1102 1801 1990 1873 1512 1767 1846 1378 1673 1488 1895 1759 1632 1348 1724 1847 1938 1084 1911 1973 1733 1034 1182 1657 1071 1356 1128 1212 1935 1469 1624 1485 1963 1490 1527 1295 1203 1840 1742 1241 1641 1779 1711 1531 1552 1304 1315 1738 1358 1150 1691 1146 1774 1280 1482 1328 1117 1893 1098 1474 1423 1826 1567 1015 1792 1812 1610 1377 1943 1900 1178 1548 1334 1124 1865 1083 1377 1025 1473 1869 1206 1748 1638 1200 1783 1005 1327 1258 1995 1094 1982 1146 1087 1302 BCNSPRNW ULIB Ver.6.0+V

เปลี่ยนเป็นภาษาไทย

Change to English
 แสดงรายละเอียดบรรณานุกรม
  กลับหน้าหลัก

Brief Record : Get Marc (ISO 2709) : E-mail record : QR code < ปิดหน้าต่าง
LEADER : 00000nam 2200000uu 4500
001    13399114373
003     ULIB
008    110719s||||||||th 000 0 tha d
020    9748327792
099    นว.^bค949ส ล.10
100 1  โยชิคาวะ, เอจิ
245 10 สามก๊ก 10 ตอน ขงเบ้งผู้หยั่งรู้ฟ้าดิน/^cเอจิ โยชิคาวะ, เรื่อง ; จัน สัมฤทธิ์, แปล
250    พิมพ์ครั้งที่ 2
260    กรุงเทพฯ :^bอมรินทร์คอมมิกส์,^c2550
300    180 หน้า
650  4 สามก๊ก^xการ์ตูน
650  4 วรรณกรรมสำหรับเด็ก
650  4 วรรณกรรมจีน^xการ์ตูน
651  4 จีน^xประวัติศาสตร์^xการ์ตูน
700 0  จัน สัมฤทธิ์
945    ^p158^l0^i024710
995    ทศพร
999 ^a ใช้งานได้ทุกระบบ
รายการนี้ยังไม่มีแท็ก
คุณยังไม่ได้ล็อกอิน คุณสามารถมีกิจกรรมร่วมกับเว็บไซต์ได้ แต่ต้องล็อกอินก่อน ::
  ล็อกอิน

รายการสื่อสารสนเทศ

ลำดับที่ ประเภท เลขเรียก/บาร์โค้ด สถานที่ สถานะ
1. นวนิยาย
นวนิยาย
นว. ค949ส ล.10 ฉ.1 
  Barcode: 024710
ห้องสมุดวิทยาเขตสวรรค์ประชารักษ์
►นวนิยาย
บนชั้น
  ขอยืม

รายการใกล้เคียง
    ผู้แต่ง [โยชิคาวะ, เอจิ]

    หัวเรื่อง [วรรณกรรมสำหรับเด็ก]

BibComment


ยังไม่เคยถูกคอมเมนท์

คอมเมนท์ทรัพยากรรายการนี้
  คอมเมนท์: สามก๊ก 10 ตอน ขง..


 Copyright 2026. Bcnsprnw @Library